Bytový dom

Guardado en:
Detalles Bibliográficos
Autor principal: Gardlík, Tomáš (Autor)
Otros Autores: Mikolai, Imrich (Orientador)
Formato: Manuscrito Libro
Lenguaje:eslovaco
Publicado: 2017
Materias:
Acceso en línea:http://is.stuba.sk/zp/portal_zp.pl?podrobnosti=124203
https://opac.crzp.sk/?fn=detailBiblioForm&sid=7A24B9B1E4B8C85D578B4E7807C5
Etiquetas: Agregar Etiqueta
Sin Etiquetas, Sea el primero en etiquetar este registro!

MARC

LEADER 00000ntm a22000003a 4500
001 stuzp59281
003 SK-STU
005 20230530130756.7
007 ta
008 150427s2015----xo-----f-mn---000-0-slo-d
040 |a STU  |b slo 
041 0 |a slo 
100 1 |a Gardlík, Tomáš  |u 010180  |4 aut  |U SvF Stavebná fakulta  |T SvF Katedra konštrukcií pozemných stavieb  |X 7513  |U V180  |Y 18  |7 7513 
242 0 1 |a Residential house  |y eng 
245 1 0 |a Bytový dom 
260 |c 2017 
650 4 |a projekt na realizáciu stavby  |2 slo 
650 4 |a výkresová dokumentácia  |2 slo 
650 4 |a tepelno-technické posúdenie  |2 slo 
650 4 |a otvorové konštrukcie  |2 slo 
650 4 |a construction project  |2 eng 
650 4 |a plans  |2 eng 
650 4 |a thermal and technical characteristics  |2 eng 
700 1 |a Mikolai, Imrich  |u 010180  |k Z1  |4 ths  |U SvF Stavebná fakulta  |T SvF Katedra konštrukcií pozemných stavieb  |X 774  |U V180  |Y 18  |7 A000000774 
856 4 |u http://is.stuba.sk/zp/portal_zp.pl?podrobnosti=124203 
856 4 |u https://opac.crzp.sk/?fn=detailBiblioForm&sid=7A24B9B1E4B8C85D578B4E7807C5